| 000 | 00629nam a2200133Ia 4500 | ||
|---|---|---|---|
| 008 | 170516s9999 xx 000 0 und d | ||
| 245 | _aAccurate delivery of radiation while reducing dose to organs at risk is essential in prostate treatment. The Calypso motion management system detects and corrects both inter- and intra-fraction motion which offers potential benefits over standard alignmen | ||
| 260 | _bJournal of Medical Radiation Sciences | ||
| 260 | _c2017 | ||
| 300 | _a64:1 | ||
| 650 | _xRadiologic Technology | ||
| 650 | _xRadtech | ||
| 856 | _uhttp://onlinelibrary.wiley.com/doi/10.1002/jmrs.2017.64.issue-1/issuetoc | ||
| 999 |
_c332134 _d332134 |
||